NHL Western Conference Goalie Jersey Numbers 2020 Quiz - Statistics

General Stats
  • This quiz has been taken 70 times
  • The average score is 10 of 15
Answer Stats
Question Answer % Correct
What jersey number does Marc-Andre Fleury have? 29
90%
What jersey number does Jake Allen have? 34
90%
What jersey number does Jonathan Quick have? 32
80%
What jersey number does John Gibson have? 36
80%
What jersey number does Mike Smith have? 41
80%
What jersey number does Corey Crawford have? 50
80%
What jersey number does Juuse Saros have? 74
80%
What jersey number does Martin Jones have? 31
70%
What jersey number does Darcy Kuemper have? 35
70%
What jersey number does Jacob Markstrom have? 25
60%
What jersey number does Connor Hellebuyck have? 37
60%
What jersey number does Philipp Grubauer have? 31
50%
What jersey number does Devan Dubnyk have? 40
50%
What jersey number does Ben Bishop have? 30
40%
What jersey number does David Rittich have? 33
40%
No matching quizzes found
Score Distribution
Percent of People with Each Score
Percentile by Number Answered
Your Score History
You have not taken this quiz